Statistics for Corvine Birds

Click here to take the quiz!

General Stats

  • This quiz has been taken 17 times
  • The average score is 5 of 6

Answer Stats

Answer % Correct
Crow
94%
Raven
94%
Magpie
94%
Rook
69%
Jay
69%
Jackdaw
56%

Score Distribution

Percentile by Number Answered

Percent of People with Each Score

Your Score History

You have not taken this quiz